Bankbetriebslehre Bankgeschäfte und Bankmanagement
Salvato in:
| Autore principale: | |
|---|---|
| Natura: | Libro |
| Lingua: | tedesco |
| Pubblicazione: |
Wiesbaden
Gabler
1993
|
| Edizione: | 4. vollst. überarb. u. erw. Aufl. |
| Soggetti: | |
| Tags: |
Nessun Tag, puoi essere il primo ad aggiungerne!!
|
MARC
| LEADER | 00000nam a2200000 4500 | ||
|---|---|---|---|
| 001 | c009527 | ||
| 005 | 20221206074233.3 | ||
| 020 | |a 3-409-42074-6 | ||
| 041 | 0 | |a ger | |
| 044 | |a DE | ||
| 245 | 1 | 0 | |a Bankbetriebslehre |b Bankgeschäfte und Bankmanagement |c Hans E. Büschgen |
| 250 | |a 4. vollst. überarb. u. erw. Aufl. | ||
| 264 | 1 | |a Wiesbaden |b Gabler |c 1993 | |
| 300 | |a 921 s. | ||
| 610 | 2 | 0 | |a banky |
| 610 | 2 | 0 | |a bankovníctvo |
| 610 | 2 | 0 | |a obchody bankové |
| 610 | 2 | 0 | |a politika finančná |
| 610 | 2 | 0 | |a manažment |
| 610 | 2 | 0 | |a účtovníctvo |
| 610 | 2 | 0 | |a Nemecko |
| 100 | 1 | |a Büschgen, Hans E. | |